Incomplete information and heterogeneous beliefs in continuous-time finance (Record no. 213337)

MARC details
000 -LEADER
fixed length control field 00678nam a2200205Ia 4500
008 - FIXED-LENGTH DATA ELEMENTS--GENERAL INFORMATION
fixed length control field 191130s2003##################000#0#eng##
020 ## - INTERNATIONAL STANDARD BOOK NUMBER
ISBN 9783540003441
082 ## - DEWEY DECIMAL CLASSIFICATION NUMBER
Classification number 332.63228 ZIE
100 ## - MAIN ENTRY--AUTHOR NAME
Personal name Ziegler, Alexandre
245 ## - TITLE STATEMENT
Title Incomplete information and heterogeneous beliefs in continuous-time finance
Statement of responsibility, etc Alexandre Ziegler
260 ## - PUBLICATION, DISTRIBUTION, ETC. (IMPRINT)
Place of publication Berlin
Name of publisher Springer
Year of publication 2003
300 ## - PHYSICAL DESCRIPTION
Number of Pages xiii, 198 p. : ill. ; 24 cm
500 ## - GENERAL NOTE
General note Includes bibliographical references (p. [187]-190)
650 ## - SUBJECT ADDED ENTRY--TOPICAL TERM
Topical Term Options (Finance) - Prices - Mathematical models
991 ## -
-- 173993
Holdings
Withdrawn status Lost status Damaged status Not for loan Home library Current library Shelving location Date acquired Full call number Accession Number Price effective from Koha item type
        Anna Centenary Library Anna Centenary Library 4TH FLOOR, A WING 13.10.2020 332.63228 ZIE 318438 13.10.2020 English Books

Find us on the map